000 01387cam a22003014a 4500
999 _c2666
_d2666
001 12061980
003 GBCCL
005 20241126110436.0
008 000619s2000 moua b 000 0 eng
010 _a 00010076
020 _a0570052505 (pbk.)
040 _aDLC
_cDLC
_dDLC
042 _apcc
050 0 0 _aBV4596.R47
_bH37 2000
082 0 0 _a248.85
_221
_bHAR
100 1 _aHarvey, L. James,
_d1930-
_95614
245 1 0 _aEvery day is Saturday :
_ba Christian guide to a fantastic retirement /
_cL. James & Jackie Harvey.
260 _aSt. Louis :
_bConcordia Pub. House,
_cc2000.
300 _a160 p. :
_bill. ;
_c23 cm.
504 _aIncludes bibliographical references.
505 0 _aFaith : the core of a successful retirement -- Health : from major senior maladies to healthy living -- Activity : finding new meaning in life -- Finance : the principles of handing money in retirement -- Death : the return to the home office -- What's it really like? -- retirees on retirement.
650 0 _aRetirees
_xReligious life.
_95615
650 0 _aRetirement
_xReligious aspects
_xChristianity.
_95616
700 1 _aHarvey, Jackie.
_95617
906 _a7
_bcbc
_corignew
_d1
_eecip
_f20
_gy-gencatlg
942 _2ddc
_cBK